000 00856nam a2200253 a 4500
001 26373
003 CO-ViMGA
008 141112s2004 ck r 000 u spa d
015 _ack - 2013 - xxxx
020 _a9789588624679
040 _aCO-ViMGA
_bspa
_cCO-ViMGA
041 _aspa
_beng
082 0 4 _aI 423 D31
245 1 0 _aCaillou :
_bmy first dictionary :
_bmy house = Caillou :
_bmi primer diccionario :
_bmi casa
250 _a1a. ed.
256 _aSubtítulo de la cubierta : my house - mi casa
260 _aBogotá :
_bBeascoa,
_c2013
300 _a[16] : il. ; 21 cm
521 _aPara niños de dos años en adelante
650 1 4 _aInglés - Diccionarios infantiles
_93500
917 _a2013 - 9810 2 ejemplares
942 _2ddc
_cBK
990 _a2013 - 9810 Random House Mondadori 2 ejemplares 21 28/10/2013 a860917 23/10/2013 23/10/2013
999 _c9916
_d9916